| 000 | 00607nam a2200229Ia 4500 | ||
|---|---|---|---|
| 003 | OSt | ||
| 005 | 20221007071120.0 | ||
| 006 | a|||||r|||| 00| 0 | ||
| 007 | ta | ||
| 008 | 221006b |||||||| |||| 00| 0 eng d | ||
| 024 | _a19,671 | ||
| 037 | _cTextual | ||
| 040 |
_aFLL _cFLL _beng |
||
| 041 |
_2eng _aeng |
||
| 082 | _aZ1:985, L9 | ||
| 100 |
_aMeznerics I. Au. _9688172 |
||
| 245 | 0 | _aInternational payments | |
| 260 |
_aLeiden _bSijthoff and noordhoff Netherland _c1979 |
||
| 300 |
_a269p _ccm. |
||
| 942 |
_hZ1:985, L9 _cTEXL _2CC |
||
| 999 |
_c1142497 _d1142497 |
||